Sports Quiz

Random Sports or Basketball Quiz

Basketball at the 2016 Summer Olympics Quiz Stats

 Plays Quiz not verified by Sporcle

Score 0/24 Timer 05:00
0 Plays Today
Event Country % Correct
Men'sBrazil
99.1%
Women'sBrazil
99.1%
Men'sUnited States
98.2%
Women'sUnited States
98.2%
Men'sChina
96.5%
Men'sAustralia
96.5%
Women'sAustralia
96.5%
Women'sChina
96.5%
Men'sSpain
95.6%
Women'sSpain
95.6%
Men'sFrance
94.7%
Women'sFrance
94.7%
Event Country % Correct
Men'sArgentina
92.9%
Women'sCanada
89.4%
Women'sJapan
84.1%
Men'sSerbia
80.5%
Men'sNigeria
80.5%
Women'sSerbia
80.5%
Men'sCroatia
72.6%
Men'sLithuania
69%
Men'sVenezuela
61.9%
Women'sTurkey
59.3%
Women'sSenegal
43.4%
Women'sBelarus
38.9%

You're not logged in!

Compare scores with friends on all Sporcle quizzes.
Join for Free
OR
Log In

You Might Also Like...

Show Comments

Extras

Top Quizzes Today


Score Distribution

Your Account Isn't Verified!

In order to create a playlist on Sporcle, you need to verify the email address you used during registration. Go to your Sporcle Settings to finish the process.

Report this User

Report this user for behavior that violates our Community Guidelines.

Details: